|
|
|
|
| LEADER |
00000nas a22000001 4500 |
| 001 |
ssj0005181 |
| 003 |
WaSeSS |
| 005 |
20200512172242.0 |
| 006 |
m d |
| 007 |
cr n |
| 008 |
760712c19629999enkbr p s 0 a0eng |
| 010 |
|
|
|a 67004894
|
| 016 |
7 |
|
|a 008203146
|2 Uk
|
| 022 |
|
|
|l 0031-8426
|y 0031-8426
|
| 030 |
|
|
|a POPOA8
|
| 032 |
|
|
|a 430780
|b USPS
|
| 035 |
|
|
|a (WaSeSS)ssj0005181
|
| 037 |
|
|
|b Subscriptions Magager, Quadrant Subscription Services, Oakfield House, Perrymount Rd., Haywards Heath, West Sussex RH16 3DH, England
|
| 040 |
|
|
|a DLC
|b eng
|c QPR
|d DLC
|d SER
|d OCL
|d AIP
|d NSD
|d NST
|d OCLCQ
|d NYDWH
|d OCLCQ
|d UKMGB
|d OCLCF
|d OCLCO
|d CRL
|d WaSeSS
|
| 042 |
|
|
|a pcc
|a nsdp
|
| 050 |
0 |
0 |
|a TP245.P5
|b P5
|
| 210 |
0 |
|
|a Phosphorus potassium
|
| 222 |
|
0 |
|a Phosphorus and potassium
|
| 245 |
0 |
0 |
|a Phosphorus and potassium
|h [electronic resource].
|
| 246 |
1 |
3 |
|a Phosphorus & potassium
|
| 260 |
|
|
|a London,
|b British Sulphur Corporation, ltd.
|
| 310 |
|
|
|a Bimonthly,
|b 1964-
|
| 321 |
|
|
|a Quarterly,
|b 1962-63
|
| 362 |
0 |
|
|a no. 1- Apr. 1962-
|
| 500 |
|
|
|a Title varies slightly.
|
| 506 |
|
|
|a License restrictions may limit access.
|
| 650 |
|
0 |
|a Phosphorus
|v Periodicals.
|
| 650 |
|
0 |
|a Potassium
|v Periodicals.
|
| 650 |
|
7 |
|a PHOSPHATES
|2 unbist
|
| 650 |
|
7 |
|a POTASH
|2 unbist
|
| 650 |
|
7 |
|a Phosphorus.
|2 fast
|0 (OCoLC)fst01061449
|
| 650 |
|
7 |
|a Potassium.
|2 fast
|0 (OCoLC)fst01073293
|
| 655 |
|
0 |
|a Electronic journals.
|
| 710 |
2 |
|
|a British Sulphur Corporation, ltd.
|
| 770 |
0 |
|
|a British Sulphur Corporation, ltd.
|t Statistical supplement
|w (DLC) 72017161
|w (OCoLC)4137806
|
| 850 |
|
|
|a NcRS
|
| 856 |
4 |
0 |
|z Full text available from Research Library: 07/01/1998 to 07/31/2000
|u https://search.proquest.com/publication/35051
|